Η αναδυόμενη επιχείρηση : οργάνωση-στρατηγική-αγορά-κοινωνία
Αποθηκεύτηκε σε:
| Κύριος συγγραφέας: | |
|---|---|
| Μορφή: | Βιβλίο |
| Γλώσσα: | Greek |
| Δημοσίευση: |
Αθήνα :
Έλλην,
c1999
|
| Θέματα: | |
| Ετικέτες: |
Προσθήκη ετικέτας
Δεν υπάρχουν, Καταχωρήστε ετικέτα πρώτοι!
|
MARC
| LEADER | 00000cam a2200000 i 4500 | ||
|---|---|---|---|
| 001 | 1/20785 | ||
| 008 | 010827s1999 gre d | ||
| 020 | |a 960-286-400-1 | ||
| 035 | |l 10067188 | ||
| 040 | |a GR-MY-UA |b gre |e aacr | ||
| 041 | 0 | |a gre | |
| 082 | 0 | |a 658 | |
| 100 | 1 | |a Σακκάς, Νίκος, |d 1959- | |
| 245 | 1 | 2 | |a Η αναδυόμενη επιχείρηση : |b οργάνωση-στρατηγική-αγορά-κοινωνία / |c Νίκος Σακκάς |
| 260 | |a Αθήνα : |b Έλλην, |c c1999 | ||
| 300 | |a 218 σ. | ||
| 650 | 0 | 0 | |a Business enterprises. |
| 650 | 0 | 0 | |a Personnel management. |
| 650 | 0 | 0 | |a Strategic planning. |
| 650 | 0 | 0 | |a Industrial organization. |
| 650 | 0 | 0 | |a Marketing. |
| 852 | |a INST |b CHIOS |e 20010827 |h 658 ΣΑΚ |p 005200021079 |q 005200021079 |t BK |y 0 | ||
| 901 | |a BIBL2-2001-2 | ||
| 909 | |a Χ |b 083822 | ||
| 970 | |a Σαλαμούρα |b Μαρία |z 2001/08/27 | ||